| 000 | 00481nam a22001697a 4500 | ||
|---|---|---|---|
| 003 | OSt | ||
| 005 | 20221110192940.0 | ||
| 008 | 221006b |||||||| |||| 00| 0 eng d | ||
| 020 | _a2 87900 6031 | ||
| 040 | _cBiblioteca Lado V | ||
| 082 |
_a750 _bP139m |
||
| 100 |
_edirector _9375 _aPage, Suzanne |
||
| 245 | _aMusee d'Art Moderne de la Ville de Paris/ | ||
| 260 |
_aFrancia _bLobomatic _c2002 |
||
| 300 |
_c18x23cm _a135p. |
||
| 942 |
_2ddc _c1 _h750 _iP139m _n0 |
||
| 999 |
_c2579 _d2579 |
||